000 00543nam a2200169 4500
999 _c15274
_d15274
008 200518b ||||| |||| 00| 0 eng d
020 _a978-1-40885566-9 (paperback)
082 _22014
_aDFic
_bR797
100 _aRowling, J.K.
_942110
245 _aHarry Potter and the chamber of secrets/
_cJ.K. Rowling.
260 _aLondon :
_bBloomsbury,
_c2014.
300 _a359 pages ;
_c20 cm.
440 _aThe Harry Potter Series ; 2
_942116
650 _aPotter, Harry (fictitious character)
_942109
365 _b577.14
_cPhp
942 _2ddc
_cDFIC